The 1975 - TOOTIMETOOTIMETOOTIME Lyrics - Statistics

General Stats
  • This quiz has been taken 56 times
  • The average score is 247 of 266
Answer Stats
Answer % Correct
I
100%
it
100%
Maybe
100%
time
100%
to
100%
To
100%
two
100%
was
100%
don't
97%
Don't
97%
her
97%
need
97%
one
97%
rewind
97%
that
97%
think
97%
Think
97%
times?
97%
times
97%
we
97%
You
97%
you
97%
be
93%
boy
93%
Didn't
93%
four
93%
mean
93%
only
93%
sometimes
93%
three
93%
Can't
90%
more
90%
text
90%
than
90%
a
86%
But
86%
called
86%
And
83%
mind
83%
eyes
79%
it's
79%
lies
79%
my
79%
tell
79%
I'll
76%
Must
76%
said
76%
wet
76%
fight
72%
petrified
72%
pick
72%
should
72%
use
72%
reminding
69%
when
69%
define
66%
Except
66%
I'm
66%
have
62%
She
62%
swear
62%
liked
59%
told
55%
No matching quizzes found
Score Distribution
Percent of People with Each Score
Percentile by Number Answered
Your Score History
You have not taken this quiz